English Premier League 2016/17 Teams - Statistics

General Stats
  • This quiz has been taken 196 times
  • The average score is 15 of 20
Answer Stats
Team % Correct
Arsenal
96%
Manchester United
95%
Manchester City
94%
Liverpool
93%
Chelsea
89%
West Ham United
86%
Tottenham Hotspur
84%
Everton
79%
West Bromwich Albion
77%
Leicester City
75%
AFC Bournemouth
73%
Burnley
70%
Sunderland
69%
Crystal Palace
68%
Southampton
65%
Watford
63%
Hull City
62%
Stoke City
62%
Swansea City
58%
Middlesbrough
50%
No matching quizzes found
Score Distribution
Percent of People with Each Score
Percentile by Number Answered
Your Score History
You have not taken this quiz